• 首页
  • 本馆介绍
  • 公告通知
  • 最新文献
  • 馆藏检索
  • 电子资源
  • 读者导购
  • 参考咨询
  • 我的图书馆
  • 登录
  • 详细信息显示
  • 放入我的书架
  • 预约/预借图书
  • 作者相关作品
  • 分类相关作品
  • 丛书相关作品
  • 出版社相关作品

书目信息

  • 表格格式
  • 工作单格式
  • 卡片格式
题名:
电商会计真账实操从入门到精通
    
 
作者: 甘德东 编著
分册:  
出版信息: 北京   中国铁道出版社有限公司  2021.1
页数: 211页
开本: 24cm
丛书名:
单 册:
中图分类: F715.51
科图分类:
主题词: 电子商务--dian zi shang wu--商业会计
电子资源:
ISBN: 978-7-113-27252-4
000 00986nam0 2200253 450
001 2156278279
005 20211011172911.0
010    @a978-7-113-27252-4@dCNY59.80
100    @a20201112d2021 em y0chiy0120 ea
101 0  @achi
102    @aCN@b110000
105    @aa z 000yy
106    @ar
200 1  @a电商会计真账实操从入门到精通@Adian shang hui ji zhen zhang shi cao cong ru men dao jing tong@f甘德东编著
210    @a北京@c中国铁道出版社有限公司@d2021.1
215    @a211页@c图@d24cm
312    @a封面英文题名:E-commerce accounting processing
330    @a本书介绍了电商会计所面临的各类问题,除了述写电商会计的财务核算、征管问题、跨境申报、出口退税等必备的财务知识之外,还涉及英国VAT、美国亚马逊FBA,以及我国香港账务等一些热门知识。
510 1  @aE-commerce accounting processing@zeng
606 0  @a电子商务@Adian zi shang wu@x商业会计
690    @aF715.51@v5
701  0 @a甘德东@Agan de dong@4编著
801  0 @aCN@b百万庄@c20211006
905    @b1305530-33@dF715.51@e1184@f4
    
    电商会计真账实操从入门到精通/甘德东编著.-北京:中国铁道出版社有限公司,2021.1
    211页:图;24cm
    
    
    ISBN 978-7-113-27252-4:CNY59.80
    本书介绍了电商会计所面临的各类问题,除了述写电商会计的财务核算、征管问题、跨境申报、出口退税等必备的财务知识之外,还涉及英国VAT、美国亚马逊FBA,以及我国香港账务等一些热门知识。
●
相关链接 在E读中查询图书 在五车中查询图书 在当当中查询图书 在豆瓣中查询图书


正题名:电商会计真账实操从入门到精通     索取号:F715.51/1184         预约/预借

序号 登录号 条形码 馆藏地/架位号 状态 备注
1 1305530   213055307   第一样本阅览室/ [索取号:F715.51/1184] 在馆    
2 1305531   213055316   第一借阅区/ [索取号:F715.51/1184] 在馆    
3 1305532   213055325   第一借阅区/ [索取号:F715.51/1184] 在馆    
4 1305533   213055334   第一借阅区/ [索取号:F715.51/1184] 在馆    
唐山师范学院图书馆 欢迎您!
大连网信软件有限公司© 版权所有